000 00505nam a2200205 a 4500
001 BRCA_7366
005 20190320205818.0
008 070313s1948----mx-d######---#000-0#spa-#
041 _aspa
044 _amx
050 4 _aHD9660
_b.S67 1948
245 1 0 _aSosa Texcoco, S. A.
260 _aEcatepec, Edo. de México
_b[s.n.]
_c1948
300 _a119 p.
_bil., graficas
500 _aQ56
650 1 4 _aSosa
_xIndustria
_918206
651 4 _aMéxico
_xIndustrias
_918207
902 _aGFM
942 _2lcc
_cB
999 _c7042
_d7042